[Event "IND-ch (Women) 48th"]
[Site "Hatkanangale"]
[Date "2022.12.28"]
[Round "3"]
[White "Lakshmi, Chidambaram"]
[Black "Rajanya, Datta"]
[Result "1-0"]
[WhiteElo "1974"]
[BlackElo "1627"]
[PlyCount "51"]
[EventDate "2022.12.26"]
[EventType "swiss"]
[EventRounds "11"]
[EventCountry "IND"]
[SourceTitle "CBM 212 Extra"]
[Source "ChessBase"]
[SourceDate "2023.03.31"]
[SourceVersion "1"]
[SourceVersionDate "2023.03.31"]
[SourceQuality "1"]

1. e4 e5 2. Nf3 Nc6 3. Bb5 a6 4. Ba4 Nf6 5. 0-0 Nxe4 6. d4 b5 7. Bb3 d5 8. dxe5 Be6 9. Qe2 Bc5 10. Nbd2 Nxd2 11. Bxd2 0-0 12. Rad1 Qd7 13. Bg5 Na5 14. Qd2 Nxb3 15. axb3 h6 16. Bh4 Bb6 17. Qf4 Bg4 18. h3 Bh5 19. Rd2 c6 20. g4 g5 21. Nxg5 hxg5 22. Qxg5+ Bg6 23. Qh6 Bd8 24. Bf6 Bxf6 25. exf6 Rfe8 26. Qg7# 1-0

[Event "IND-ch U11 Girls"]
[Site "Sivagangai Tamilnadu"]
[Date "2018.08.05"]
[Round "11.5"]
[White "Prakash, Vaishnavi"]
[Black "Rajanya, Datta"]
[Result "1-0"]
[WhiteElo "1239"]
[BlackElo "1384"]
[PlyCount "93"]
[EventDate "2018.07.28"]
[EventType "swiss"]
[EventRounds "11"]
[EventCountry "IND"]
[SourceTitle "EXT 2024"]
[Source "ChessBase"]
[SourceDate "2023.10.10"]
[SourceVersion "1"]
[SourceVersionDate "2023.10.10"]
[SourceQuality "1"]

1. e4 e6 2. d4 d5 3. exd5 exd5 4. Nf3 Bd6 5. Be3 Bf5 6. Bd3 Ne7 7. 0-0 Nbc6 8. c3 Qd7 9. Qc2 Bg4 10. Nbd2 f5 11. Bg5 0-0-0 12. Bb5 Kb8 13. Rae1 Rde8 14. Bxe7 Rxe7 15. Rxe7 Bxe7 16. Ne5 Qd6 17. Nf7 Qg6 18. Nxh8 Qe8 19. Bxc6 bxc6 20. Re1 Qf8 21. Qd3 Bg5 22. Nf3 Bh6 23. Qe2 Qxh8 24. Qe8+ Qxe8 25. Rxe8+ Kb7 26. Ne5 Bc1 27. Nd7 a6 28. Nc5+ Ka7 29. Re7 Kb8 30. Nxa6+ Kc8 31. Rxc7+ Kd8 32. Rxg7 Bxb2 33. Rxh7 Bxc3 34. f3 Bxd4+ 35. Kf1 c5 36. fxg4 c4 37. gxf5 c3 38. Ke2 Be5 39. Kd3 d4 40. h4 Bf4 41. Nb4 Bd6 42. Nc2 Be5 43. a4 Kc8 44. a5 Kb8 45. a6 Kc8 46. a7 Bf6 47. a8Q# 1-0

[Event "IND-ch U11 Girls"]
[Site "Sivagangai Tamilnadu"]
[Date "2018.08.04"]
[Round "10.8"]
[White "Rajanya, Datta"]
[Black "Mrittika, Mallick"]
[Result "1-0"]
[WhiteElo "1384"]
[BlackElo "1137"]
[PlyCount "127"]
[EventDate "2018.07.28"]
[EventType "swiss"]
[EventRounds "11"]
[EventCountry "IND"]
[SourceTitle "EXT 2024"]
[Source "ChessBase"]
[SourceDate "2023.10.10"]
[SourceVersion "1"]
[SourceVersionDate "2023.10.10"]
[SourceQuality "1"]

1. e4 c5 2. Nf3 e6 3. c4 Nc6 4. d4 cxd4 5. Nxd4 a6 6. Nc3 Qc7 7. Be3 Nf6 8. Bd3 Ne5 9. Qe2 Bb4 10. Rc1 b6 11. a3 Be7 12. f3 Bb7 13. Bb1 Qxc4 14. Qd2 Qc8 15. Nd5 Qd8 16. Nc7+ Kf8 17. Nxa8 Bxa8 18. 0-0 b5 19. Qc3 Nc4 20. Bf2 h5 21. b3 Nxa3 22. Qc8 Nxb1 23. Qxd8+ Bxd8 24. Rc8 Ke7 25. Rxa8 Nc3 26. Rxa6 b4 27. Bg3 d5 28. Bd6+ Ke8 29. Bxb4 e5 30. Bxc3 exd4 31. Bxd4 dxe4 32. Bxf6 Bxf6 33. Ra8+ Bd8 34. Rd1 Ke7 35. Raxd8 Rxd8 36. Rxd8 Kxd8 37. fxe4 Ke7 38. Kf2 Kd6 39. Ke3 Kc5 40. Kd3 Kb4 41. Kc2 h4 42. g3 h3 43. g4 f6 44. Kb2 g6 45. Kc2 Kc5 46. Kc3 Kb5 47. b4 Kc6 48. Kc4 Kd6 49. b5 Ke5 50. b6 Kxe4 51. b7 f5 52. gxf5 gxf5 53. b8Q f4 54. Qh8 f3 55. Qxh3 Ke3 56. Qf1 f2 57. h4 Kf4 58. Qxf2+ Kg4 59. Qf6 Kg3 60. Kd4 Kg4 61. Ke4 Kh3 62. Kf3 Kh2 63. Qg5 Kh1 64. Qg2# 1-0

[Event "IND-ch U11 Girls"]
[Site "Sivagangai Tamilnadu"]
[Date "2018.07.28"]
[Round "1.9"]
[White "Anishka, Pandey"]
[Black "Rajanya, Datta"]
[Result "1-0"]
[WhiteElo "1013"]
[BlackElo "1384"]
[PlyCount "83"]
[EventDate "2018.07.28"]
[EventType "swiss"]
[EventRounds "11"]
[EventCountry "IND"]
[SourceTitle "EXT 2024"]
[Source "ChessBase"]
[SourceDate "2023.10.10"]
[SourceVersion "1"]
[SourceVersionDate "2023.10.10"]
[SourceQuality "1"]

1. d4 Nf6 2. Bf4 d5 3. Nf3 e6 4. e3 Bd6 5. Bg3 Nbd7 6. Bd3 0-0 7. Nbd2 Qe7 8. Ne5 c5 9. c3 c4 10. Bc2 Bb8 11. Qf3 Nxe5 12. dxe5 Nd7 13. Qh5 f5 14. exf6 Nxf6 15. Bh4 Nxh5 16. Bxe7 Rf7 17. Bh4 Bd7 18. g4 Nf6 19. g5 Ne8 20. g6 hxg6 21. Bxg6 Bc6 22. Bxf7+ Kxf7 23. Bg3 Nd6 24. Rg1 Nb5 25. a4 Nc7 26. Nf3 Na6 27. Ne5+ Bxe5 28. Bxe5 g6 29. Bd4 Nc7 30. h4 a6 31. h5 Rg8 32. h6 Re8 33. Rg5 e5 34. Rxe5 Ne6 35. Rxe6 Kxe6 36. h7 Bxa4 37. Rxa4 b5 38. Rxa6+ Kf7 39. h8Q Rxe3+ 40. fxe3 g5 41. Qg7+ Ke8 42. Ra8# 1-0